1248 1357 1381 1684 1997 1416 1697 1500 1578 1107 1567 1222 1928 1968 1350 1371 1112 1617 1509 1317 1692 1231 1617 1293 1775 1406 1539 1735 1584 1776 1649 1533 1876 1255 1452 1892 1305 1533 1854 1117 1226 1972 1151 1230 1408 1671 1154 1819 1355 1415 1646 1952 1431 1874 1310 1914 1514 1301 1591 1402 1538 1056 1277 1722 1949 1440 1445 1545 1876 1160 1409 1722 1960 1588 1555 1549 1062 1785 1480 1973 1644 1023 1804 1965 1987 1865 1200 1318 1610 1710 1897 1257 1865 1299 1548 1774 1685 1281 1365 BCNSPRNW ULIB Ver.6.0+V

เปลี่ยนเป็นภาษาไทย

Change to English
 แสดงรายละเอียดบรรณานุกรม
  กลับหน้าหลัก

Brief Record : Get Marc (ISO 2709) : E-mail record : QR code < ปิดหน้าต่าง
LEADER : 00000nam 2200000uu 4500
001    13399124183
003     ULIB
008    150123s2556||||th 000 0 tha d
020    ^a9786167639079
050  4 ^aHA62^bส761ก
100  0 ^aสุชาติ ประสิทธิ์รัฐสินธุ์.
245  1 ^aการใช้สถิติในงานวิจัยอย่างถูกต้องและได้มาตรฐานสากล =^bApplications of statistical methods in research /^cสุชาติ ประสิทธิรัฐสินธุ์.
246  3 ^aApplications of statistical methods in research
250    ^aพิมพ์ครั้งที่ 6.
260    ^aกรุงเทพฯ :^bสามลดา,^c2556.
300    ^axxi, 445 หน้า ;^c26 ซม.
650  7 ^aคณิตศาสตร์สถิติ.
650  7 ^aวิจัย.
650  7 ^aสถิติ.
650  7 ^aสถิติวิเคราะห์.
945    ^p700^l0^i038863
945    ^p700^l0^i038864
945    ^p700^l0^i038865
945    ^p700^l0^i038866
999    ^aเกษร โพธิ์สุวรรณ
รายการนี้ยังไม่มีแท็ก
คุณยังไม่ได้ล็อกอิน คุณสามารถมีกิจกรรมร่วมกับเว็บไซต์ได้ แต่ต้องล็อกอินก่อน ::
  ล็อกอิน

รายการสื่อสารสนเทศ

ลำดับที่ ประเภท เลขเรียก/บาร์โค้ด สถานที่ สถานะ
1. วิทยาศาสตร์การแพทย์ และสุขภาพ
หนังสือสำรอง
สถานะ=หนังสือสำรอง
HA62 ส761ก ฉ.1 
  Barcode: 038863
ห้องสมุดวิทยาเขตสวรรค์ประชารักษ์
►หนังสือทั่วไป
บนชั้น
2. วิทยาศาสตร์การแพทย์ และสุขภาพ
วิทยาศาสตร์การแพทย์ และสุขภาพ
HA62 ส761ก ฉ.2 
  Barcode: 038864
ห้องสมุดวิทยาเขตสวรรค์ประชารักษ์
►หนังสือทั่วไป
ถูกยืม กำหนดส่งวันที่ 1 มกราคม 2569
  จอง
3. วิทยาศาสตร์การแพทย์ และสุขภาพ
วิทยาศาสตร์การแพทย์ และสุขภาพ
HA62 ส761ก ฉ.3 
  Barcode: 038865
ห้องสมุดวิทยาเขตสวรรค์ประชารักษ์
►หนังสือทั่วไป
บนชั้น
4. วิทยาศาสตร์การแพทย์ และสุขภาพ
วิทยาศาสตร์การแพทย์ และสุขภาพ
HA62 ส761ก ฉ.4 
  Barcode: 038866
ห้องสมุดวิทยาเขตสวรรค์ประชารักษ์
►หนังสือทั่วไป
บนชั้น

รายการใกล้เคียง
    ผู้แต่ง [สุชาติ ประสิทธิ์รัฐสินธุ์.]

    หัวเรื่อง [คณิตศาสตร์สถิติ.]
    หัวเรื่อง [วิจัย.]
    หัวเรื่อง [สถิติ.]
    หัวเรื่อง [สถิติวิเคราะห์.]

BibComment


ยังไม่เคยถูกคอมเมนท์

คอมเมนท์ทรัพยากรรายการนี้
  คอมเมนท์: การใช้สถิติในงาน..


 Copyright 2026. Bcnsprnw @Library